| 000 | 00430 a2200133 4500 | ||
|---|---|---|---|
| 001 | 91421 | ||
| 082 | _aPR 1318 | ||
| 090 |
_c43552 _d43551 |
||
| 100 | _aNadeem Khan; Pof Shafqat ul Mulk and Nauman Mazhar (Advisors) | ||
| 245 |
_aFour Quadrant DC Motor Control by usiing Microcontroller and complex Programmable Logic Device _n72 "B" EC |
||
| 260 |
_aRawalpindi _bNUST _c2012 |
||
| 300 | _axii, 74p | ||
| 500 | _aBE Project Reports | ||
| 942 |
_aCAE NUST _kPR 1318 |
||
| 999 |
_c326494 _d326494 |
||